000 00567nam a2200169 a 4500
001 000044721
005 20201002045557.0
008 150107s2012 dr a 000 0 spa d
040 _aDO-SdBNP
_bspaBNPHU
082 _axxxx
_bxxxx
110 1 _aRepública Dominicana
_9447
240 1 0 _a[Leyes, etc.]
245 1 3 _aEl defensor del pueblo :
_bun vocero para la niñez /
_ccompilación y adaptación, Marsie González.
260 _aSanto Domingo :
_bSave the Children Dominicana,
_c2012.
300 _a27 p. :
_bil. ;
_c18 cm.
700 1 _aGonzález, Marsie
_ecomp.
_972717
999 _c44210
_d44210